| 000 | 00000cam 2200000zi 4500 |
| 001 | 9.557959 |
| 003 | CaOODSP |
| 005 | 20220622114720 |
| 007 | cr ||||||||||| |
| 008 | 150406s2003||||xxc|||||o f|0| 0 eng d |
| 020 | |a0-662-31091-8 |
| 022 | |a1205-9153 |
| 040 | |aCaOODSP|beng |
| 043 | |an-cn--- |
| 086 | 1 |aCS11-0019/172E-PDF |
| 100 | 1 |aPicot, W. G., |eauthor. |
| 245 | 10|aLow-income intensity during the 1990s : |bthe role of economic growth, employment earnings and social transfer / |cby G. Picot, R. Morissette and J. Myles. |
| 260 | |aOttawa, Ontario : |bStatistics Canada, |cJanuary 2003. |
| 300 | |a1 online resource (36 pages) : |bgraphs, references, tables. |
| 336 | |atext|btxt|2rdacontent |
| 337 | |acomputer|bc|2rdamedia |
| 338 | |aonline resource|bcr|2rdacarrier |
| 490 | 1 |aAnalytical Studies Branch research paper series ; |x1205-9153|vNo. 172 |
| 590 | |a12-34-Supp|b2012-07-31 |
| 710 | 2 |aStatistics Canada, |eissuing body. |
| 775 | 08|tIntensité des faibles revenus au cours des années 1990 : |w(CaOODSP)9.590959 |
| 830 | #0|aResearch paper series (Statistics Canada. Analytical Studies Branch)|x1205-9153|vNo. 172|w(CaOODSP)9.504421 |
| 856 | 40|ahttp://publications.gc.ca|qPDF|s271 KB|uhttps://publications.gc.ca/collections/collection_2012/statcan/11f0019m/11f0019m2003172-eng.pdf|yNo. 172 |